Statistics for Countries That End in "an" (Fixed Version)

Click here to take the quiz!

General Stats

  • This quiz has been taken 29 times
  • The average score is 13 of 16

Answer Stats

Answer% Correct
Uzbekistan
100%
Afghanistan
96%
Kyrgyzstan
93%
Pakistan
93%
Tajikistan
93%
Turkmenistan
93%
Kazakhstan
89%
Azerbaijan
86%
Japan
79%
Bhutan
71%
Taiwan
68%
Iran
64%
Jordan
64%
Oman
61%
South Sudan
50%
Sudan
50%

Score Distribution

Percentile by Number Answered

Percent of People with Each Score

Your Score History

You have not taken this quiz